|
|
|
|
| LEADER |
01408nam a2200361 a 4500 |
| 001 |
30833 |
| 003 |
BD-DhAAL |
| 005 |
20160207165615.0 |
| 008 |
160207s2006 enka b 001 0 eng |
| 010 |
|
|
|a 2006284909
|
| 020 |
|
|
|a 9780335214532 (hbk.)
|
| 020 |
|
|
|a 0335214533 (hbk.)
|
| 020 |
|
|
|a 9780335214525 (pbk.)
|
| 020 |
|
|
|a 0335214525 (pbk.)
|
| 040 |
|
|
|a UKM
|c UKM
|d BAKER
|d BWKUK
|d OCLCQ
|d VP@
|d NLGGC
|d DLC
|d BD-DhAAL
|
| 050 |
0 |
0 |
|a P96.S63
|b C68 2006
|
| 082 |
0 |
4 |
|a 302.2309051
|2 22
|
| 100 |
1 |
|
|a Cottle, Simon,
|d 1956-
|9 17830
|
| 245 |
1 |
0 |
|a Mediatized conflict :
|b developments in media and conflict studies /
|c Simon Cottle.
|
| 264 |
|
|
|a Maidenhead, Berkshire, England ;
|a New York, NY, USA :
|b Open University Press,
|c 2006.
|
| 300 |
|
|
|a x, 217 p. :
|b ill. ;
|c 23 cm.
|
| 490 |
0 |
|
|a Issues in cultural and media studies
|
| 504 |
|
|
|a Includes bibliographical references (p. [195]-210) and index.
|
| 526 |
|
|
|a Jaatri
|
| 541 |
|
|
|e 30833
|
| 650 |
|
0 |
|a Social conflict in mass media.
|9 17831
|
| 650 |
|
0 |
|a Mass media
|x Political aspects.
|9 17832
|
| 650 |
|
0 |
|a War in mass media.
|9 17833
|
| 650 |
|
0 |
|a Terrorism in mass media.
|9 17834
|
| 650 |
|
0 |
|a Demonstrations
|x Press coverage.
|9 17835
|
| 942 |
|
|
|2 ddc
|c BK
|
| 999 |
|
|
|c 36796
|d 36796
|
| 952 |
|
|
|0 0
|1 0
|2 ddc
|4 0
|6 302_230905100000000_COT
|7 0
|9 57911
|a BRACUL
|b BRACUL
|c GEN
|d 2016-02-07
|e Jaatri
|l 1
|o 302.2309051 COT
|p 3010030833
|r 2024-11-19
|s 2024-11-12
|t 1
|w 2016-02-07
|y BK
|